1019 1870 1617 1987 1277 1826 1776 1947 1376 1838 1062 1102 1945 1835 1203 1944 1229 1817 1271 1548 1578 1424 1935 1812 1443 1192 1695 1442 1970 1966 1299 1395 1723 1374 1014 1543 1297 1947 1337 1542 1407 1286 1028 1741 1005 1170 1615 1834 1777 1331 1130 1383 1841 1659 1087 1958 1936 1596 1973 1962 1042 1283 1697 1994 1324 1264 1199 1882 1977 1217 1742 1558 1419 1641 1490 1371 1735 1188 1772 1906 1507 1551 1816 1746 1974 1857 1137 1392 1568 1950 1636 1589 1976 1802 1960 1843 1877 1172 1827 BCNSPRNW ULIB Ver.6.0+V

เปลี่ยนเป็นภาษาไทย

Change to English
 แสดงรายละเอียดบรรณานุกรม
  กลับหน้าหลัก

Brief Record : Get Marc (ISO 2709) : E-mail record : QR code < ปิดหน้าต่าง
LEADER : 00000nam 2200000uu 4500
001    13399128564
003     ULIB
008    020711s2562 th a 000 0 tha d
020    ^a9786164074323
060    ^aWT100^bค125ค
110    ^aคณะทันตแพทยศาสตร์,จุฬาลงกรณ์มหาวิทยาลัย
245    ^aคู่มือดูแลตนเองเพื่อสุขภาพดีมีความสุข
250    ^aพิมพ์ครั้งที่ 2
260    ^aกรุงเทพฯ :^bสำนักพิมพ์จุฬาลงกรณ์มหาวิทยาลัย,^c2562
300    ^a63 หน้า;^c26 ซม.
650    ^aผู้สูงอายุ-การดูแลสุขภาพ
945    ^p0^l0^i010310
945    ^p0^l0^i011204
999    ^aประนอม เกษจรัล
รายการนี้ยังไม่มีแท็ก
คุณยังไม่ได้ล็อกอิน คุณสามารถมีกิจกรรมร่วมกับเว็บไซต์ได้ แต่ต้องล็อกอินก่อน ::
  ล็อกอิน

รายการสื่อสารสนเทศ

ลำดับที่ ประเภท เลขเรียก/บาร์โค้ด สถานที่ สถานะ
1. วิทยาศาสตร์การแพทย์ และสุขภาพ
หนังสือสำรอง
สถานะ=หนังสือสำรอง
WT100 ค125ค ฉ.1 
  Barcode: 010310
ห้องสมุดวิทยาเขตสวรรค์ประชารักษ์
►หนังสือทั่วไป
บนชั้น
2. วิทยาศาสตร์การแพทย์ และสุขภาพ
วิทยาศาสตร์การแพทย์ และสุขภาพ
WT100 ค125ค ฉ.2 
  Barcode: 011204
ห้องสมุดวิทยาเขตสวรรค์ประชารักษ์
►หนังสือทั่วไป
บนชั้น

รายการใกล้เคียง
    ชื่อเรื่อง [คู่มือดูแลตนเองเพื่อสุขภาพดีมีความสุข]

    หัวเรื่อง [ผู้สูงอายุ-การดูแลสุขภาพ]

BibComment


ยังไม่เคยถูกคอมเมนท์

คอมเมนท์ทรัพยากรรายการนี้
  คอมเมนท์: คู่มือดูแลตนเองเ..


 Copyright 2026. Bcnsprnw @Library